Carregant...
Residue reviews V 25
| Autor principal: | |
|---|---|
| Format: | Printed Book |
| Idioma: | Undetermined English |
| Publicat: |
U S A
U S ASpringer-Verlag
1969
|
| Matèries: |
| LEADER | 00520nam a2200157Ia 4500 | ||
|---|---|---|---|
| 008 | 140306s9999 xx 000 0 und d | ||
| 041 | |a eng | ||
| 082 | |a 632. 9504205 |b RES.25 | ||
| 100 | |a Gunther, Francis A | ||
| 245 | |a Residue reviews V 25 | ||
| 260 | |a U S A |b U S ASpringer-Verlag |c 1969 | ||
| 300 | |a 364 | ||
| 650 | |a Pest control | ||
| 942 | |2 ddc |c BK | ||
| 999 | |c 66962 |d 66962 | ||
| 952 | |0 0 |1 0 |2 ddc |4 0 |6 632__950420500000000_RES_25 |7 0 |9 73307 |a KAUACV |b KAUACV |d 2004-05-27 |o 632. 9504205 RES.25 |p KAU_ACV-11264 |r 2014-03-22 |w 2014-03-22 |y BK | ||